000 02446pam a2200721 cc4500
001 1172022852
003 DE-101
005 20260212135112.0
007 tu
008 181122s2019 gw ||||| |||| 00||||ger
015 _a19,A29
_z18,N48
_2dnb
016 7 _2DE-101
_a1172022852
020 _a9783551799456
_cBroschur : EUR 6.95 (DE), EUR 7.20 (AT), CHF 10.50 (freier Preis)
020 _a3551799458
024 3 _a9783551799456
035 _a(DE-599)DNB1172022852
035 _a(OCoLC)1076509525
040 _a1245
_bger
_cDE-101
_d9999
_erda
041 _ager
_hjpn
044 _cXA-DE
082 7 4 _a741.5
_qDE-101
_223sdnb
100 1 _0(DE-588)1063396298
_0https://d-nb.info/gnd/1063396298
_0(DE-101)1063396298
_aIsayama, Hajime
_d1986-
_eVerfasser
_4aut
_2gnd
245 1 0 _aAttack on Titan
_n25
_cHajime Isayama ; aus dem Japanischen von Claudia Peter
250 _a1. Aufl.
264 3 1 _aHamburg
_bCarlsen Manga!
_c2019
300 _acirca 192 Seiten
_c164 g
336 _aText
_btxt
_2rdacontent
336 _aunbewegtes Bild
_bsti
_2rdacontent
337 _aohne Hilfsmittel zu benutzen
_bn
_2rdamedia
338 _aBand
_bnc
_2rdacarrier
653 _a(Produktform)Paperback / softback
653 _a(Zielgruppe)ab 16 bis 99 Jahre
653 _a(BISAC Subject Heading)CGN004050
653 _a(Produktform (spezifisch))Unflipped manga format
653 _aAttack on Titan
653 _ashingeki no kyojin
653 _aJapanische Leserichtung
653 _aHajime Isayama
653 _aManga
653 _aBestseller
653 _aBestseller Manga
653 _aerfolgreicher Manga
653 _aEren
653 _aMikasa
653 _aArmin
653 _aAnnie
653 _aLevi
653 _aRiesen
653 _aTitanen
653 _aMenschenfresser
653 _aSeinen
653 _aAction
653 _aFantasy
653 _a(VLB-WN)2182: Taschenbuch / Belletristik/Comic, Cartoon, Humor, Satire/Manga, Manhwa
653 _a(BISAC Subject Heading)CGN004050: COMICS & GRAPHIC NOVELS / Manga / General
655 7 _0(DE-588)4010427-8
_0https://d-nb.info/gnd/4010427-8
_0(DE-101)040104273
_aComic
_2gnd-content
772 0 8 _iEnthalten in
_z9783551791689
772 0 8 _iEnthalten in
_z9783551794192
773 0 8 _q225
_w(DE-101)1049428676
856 4 2 _mB:DE-101
_qapplication/pdf
_uhttps://d-nb.info/1172022852/04
_3Inhaltsverzeichnis
942 _2ddc
_cMGA
_n0
999 _c1504
_d1504